| 000 | 00461 a2200133 4500 | ||
|---|---|---|---|
| 001 | 87669 | ||
| 082 | _aPR 46 | ||
| 090 |
_c41128 _d41128 |
||
| 100 | _aMuhammad Rizwan, Plt Off 15467 70(B) EC | ||
| 245 | _aDesign and development of real time visual tracking by template matching on FPGA | ||
| 260 |
_aRisalpur _bCAE PAF Academy Risalpur _c2011 |
||
| 300 |
_ax, 96p. _eTauseef Ur Rehman, Sqn Ldr; Shafkat Ul Mulk Associate Professor |
||
| 500 | _aBE Project Reports | ||
| 942 |
_aCAE NUST _kPR 46 |
||
| 999 |
_c322742 _d322742 |
||